00573 2200217 4500001002100000005001500021035002000036245005900056100001300115250000600128300003500134700001700169260003300186082001200219084001800231020002200249650003300271990001700304990001700321990001700338INLIS00000000000122520190524012638 a0010-05190001161 aBhinneka Tunggal Ika /cNajichah; Editor, Epik Finilih0 aNajichah a- avi, 66 hlm. :bilus. ;c25 cm.0 aEpik Finilih aDepok :bCV Arya Duta,c2011 a911.598 a911.598 NAJ b a978-979-094-106-9 aGeografis Historis Indonesia a04393/H/2018 a04394/H/2018 a04398/H/2018